000 00519nam a2200181Ia 4500
008 151018s9999 xx 000 0 und d
082 _bRBASDV25727
_a891.463
100 _aशशिकला साळगांवकर
245 _aजमान
250 _b1
260 _bक्ष
_c1994
300 _a128
600 _aशशिकला साळगांवकर
630 _aजमान
700 _aशशिकला साळगांवकर
730 _aजमान
942 _cBOOK
999 _c1025338
_d1025335